000 00636nam a2200217Ia 4500
008 191130s2000##################000#0#eng##
020 _a9788170209799
040 _aACL
_cACL
082 _a306.203 MOT.3
245 _aEncyclopaedia of sociology of politics
_cedited by K. Motwani and R.D. Saksena
260 _aNew Delhi
_bCosmo Publications
_c2000
300 _a3 v. : ill. ; 23 cm
650 _aPolitical science
650 _aPolitical sociology
650 _aPolitics and culture
700 _aMotwani, K
700 _aSaksena, R. D
990 _ab39f3a8aac10000c1ec59b8aa8d387d2
991 _a224454
999 _c259383
_d259383